Пътят към родителството (Запис номер 511829)
[ съкратено ]
| 000 -Лидер | |
|---|---|
| Лидер | 01992nam a2200301 a 4500 |
| 003 - Код на организацията, давaща контролен номер | |
| Код на организацията, даваща контролен номер | BLK |
| 005 - Дата и час на последна редакция | |
| Дата и час на последна редакция | 20240611092802.0 |
| 007 - Фиксирано поле за физическо описани | |
| Физическо описание | ta |
| 008 - Елементи от данни с фиксирана дължина | |
| Елементи с фиксирана дължина | 221104b bu |||||r|||| 00| | bu d |
| 020 ## - Международен стандартен номер на книга ISBN | |
| ISBN | 9786190401797 |
| 040 ## - Източник на каталожния запис | |
| Код на библиотеката | BLK |
| 041 ## - Код за език | |
| Език | Български |
| Език за КДБФ | Български |
| 080 ## - УДК | |
| 9 (RLIN) | 240827 |
| УДК текст | Функционални разстройства на женските полови органи. Патология на половия живот на жената - Импотенция, фригидност, бесплодие, разстройства в менструацията и климактериума, менорагии, метрорагии, дис |
| УДК код | 618.17 |
| УДК – определител | -07 |
| УДК – код + определител | 618.17-07 |
| 080 ## - УДК | |
| 9 (RLIN) | 240828 |
| УДК текст | Функционални разстройства на мъжките полови органи - импотенция, сперматорея, дисперматизъм, аспермия, полови неврози, климактеричен период у мъжа, фертилитет, безплодие и др. |
| УДК код | 616.69 |
| УДК – определител | -07 |
| УДК – код + определител | 616.69-07 |
| 084 ## - Класификационен индекс по друга класификация | |
| Авторски знак | Финк - Ф 55 |
| 100 ## - Редна дума - Автор | |
| R(LIN) | 492985 |
| Автор | Финчам, Анита |
| 245 ## - Сведения за заглавието | |
| Заглавие | Пътят към родителството |
| Подзаглавни данни | Твоят лесен пътеводител за фертилността |
| Авторска отговорност | Анита Финчам и др. ; ил. Маргарита Волкова |
| 260 ## - Област на издателските данни | |
| 9 (RLIN) | 219492 |
| Място на издаване | София |
| Име на издателя | Изд. авт. |
| Година на издаване | 2024 |
| 300 ## - Физическа характеристика | |
| Брой страници | 156 с. |
| Илюстрации | с цв. ил. |
| Размер | 20 см |
| 380 ## - Жанр | |
| Жанр | Медицина |
| 500 ## - Общи забележки | |
| Обща забележка | Кор. опис.<br/>Други авт.: Марта Горна, Донка Куцарова, Петра Лабура, Ирина Попова, Бояна Сантич<br/>Рец.: Мариела Даскалова |
| 650 #0 - Допълнително описание по предмет – тема | |
| 9 (RLIN) | 287020 |
| Предметна рубрика | Безплодие - при жените |
| 650 #0 - Допълнително описание по предмет – тема | |
| 9 (RLIN) | 291416 |
| Предметна рубрика | Безплодие - при мъжете |
| 700 ## - Други автори (авторска отговорност) | |
| 9 (RLIN) | 492986 |
| Друг автор | Волкова, Маргарита |
| 856 ## - Електронен адрес и достъп | |
| Инструкция (цена за достъп) | 0.00 |
| Права за достъп | disable |
| 942 ## - АРТИКУЛИ | |
| Вид на библиотечния документ | Книги |
| Скрит в OPAC | Не |
| 944 ## - СЪЗДАВАНЕ И РЕДАКЦИЯ на ЗАПИСА | |
| Създаване/Редакция | |
| Дата на регистрацията/редакция | Кети Илиева |
| Служител, извършил регистрацията/редакцията | 30550 |
| Номер на служител | Кети Илиева |
| 999 ## - СИСТЕМНИ КОНТРОЛНИ НОМЕРА | |
| Koha biblionumber | 511829 |
| Koha biblioitemnumber | 511829 |
| Код за отписване | Код за изгубен артикул | Източник на класификационната схема | Код за повреда | Код за отдаване | Артикулен № | Име на библиотеката - собственик | Име на библиотеката, в която се намира в момента | Статус (Текущо местоположение) | Дата на вписване в системата | Местоположение - отдел | Цена в лева | Инвентарен номер | Систематично азбучна сигнатура | Баркод | Цена в евро | Служебен тип на артикула | Коз за рестрикции |
|---|---|---|---|---|---|---|---|---|---|---|---|---|---|---|---|---|---|
| Не е изгубен | Universal Decimal Classification | Не е повреден | заемане за дома | 944195 | Регионална библиотека "Любен Каравелов" Русе | Регионална библиотека "Любен Каравелов" Русе | Заемна - подръчен фонд | 2024-06-13 | Заемна - подръчен фонд | 10.00 | 120000909251 | 618/Ф 55 А | 120000909251 | 5.11 | Книги | ||
| Не е изгубен | Universal Decimal Classification | Не е повреден | заемане за дома | 944196 | Регионална библиотека "Любен Каравелов" Русе | Регионална библиотека "Любен Каравелов" Русе | Заемна - подръчен фонд | 2024-06-13 | Заемна - подръчен фонд | 10.00 | 120000909252 | 618/Ф 55 А | 120000909252 | 5.11 | Книги | ||
| Не е изгубен | Universal Decimal Classification | Не е повреден | ползва се в читалня | 944294 | Регионална библиотека "Любен Каравелов" Русе | Регионална библиотека "Любен Каравелов" Русе | Хранилище | 2024-06-14 | Основен фонд - ползва се само за читалня | 12.00 | 120000909439 | Цб 323122 | 120000909439 | 6.14 | Книги | само за читалня |